00150 a2200061 4500100002400000245004200024260002200066 aChristopher, Martin aLogistics and supply chain management bPearson Education